[Event "Kalamazoo December Mini-Swiss.1"]
[Site "Kalamazoo, MI"]
[Date "1999.12.18"]
[Round "1"]
[White "Farmand, Farnood"]
[Black "McGrew, Tim"]
[Result "0-1"]
[WhiteElo "1593"]
[BlackElo "2146"]
[PlyCount "78"]
[EventDate "1999.12.18"]

1. e4 d5 2. exd5 Nf6 3. c4 e6 4. dxe6 Bxe6 5. Nf3 Nc6 6. Be2 Bc5 7. Nc3 Qd7 8.
a3 O-O-O 9. b4 Bd4 10. Rb1 Bxc3 11. dxc3 Qxd1+ 12. Bxd1 Bxc4 13. Be2 Rhe8 14.
Be3 Bxe2 15. Kxe2 Nd5 16. Rhc1 f5 17. c4 Nf4+ 18. Kf1 Nd3 19. Rd1 f4 20. Bd2
Re4 21. Ne1 Rxc4 22. Nxd3 Rxd3 23. b5 Ne5 24. Bb4 Rc2 25. Rbc1 f3 26. gxf3 Rxc1
27. Rxc1 Nxf3 28. Ke2 Rb3 29. Bd6 Nd4+ 30. Kf1 Nxb5 31. Bf8 g6 32. Rd1 Nxa3 33.
Be7 b6 34. Rd8+ Kb7 35. Rh8 a5 36. Rxh7 a4 37. Rg7 Nb5 38. Rxg6 a3 39. Bxa3
Rxa3 0-1

[Event "Michigan Action"]
[Site "Detroit, MI"]
[Date "1999.12.18"]
[Round "5"]
[White "Elster, Isaac"]
[Black "Collins, Michael"]
[Result "0-1"]
[WhiteElo "367"]
[BlackElo "602"]
[PlyCount "70"]
[EventDate "1999.12.18"]

1. e4 e5 2. Bb5 c6 3. Bc4 d5 4. Bd3 Nf6 5. Nc3 d4 6. Nce2 Bd6 7. Nf3 O-O 8. O-O
c5 9. c3 dxc3 10. dxc3 Na6 11. Bg5 Be7 12. Nxe5 Bg4 13. Qd2 Bd6 14. Nc4 Nxe4
15. Bxe4 Qd7 16. Rad1 Rad8 17. Qc2 Rde8 18. Qd3 Bxe2 19. Qxe2 h6 20. Bh4 Re6
21. Qe3 Rfe8 22. Rde1 Rxe4 23. Qf3 Rxe1 24. Qe3 R1xe3 25. fxe3 Bb8 26. Re1 Re6
27. Bf2 Qc7 28. Kf1 Qxh2 29. Ke2 Qxg2 30. Rf1 Rf6 31. Ke1 Bg3 32. b3 Bxf2+ 33.
Rxf2 Qxf2+ 34. Kd1 Rg6 35. a3 Rg1# 0-1

[Event "Michigan Action"]
[Site "Detroit, MI"]
[Date "1999.12.18"]
[Round "4"]
[White "Edmonson, Regis"]
[Black "Williams, Christopher"]
[Result "0-1"]
[WhiteElo "470"]
[BlackElo "792"]
[PlyCount "36"]
[EventDate "1999.12.18"]

1. e4 e5 2. Nf3 Nc6 3. Bc4 Nf6 4. Nc3 Bc5 5. O-O b6 6. d4 exd4 7. Ne2 Qe7 8. c3
dxc3 9. bxc3 Bb7 10. Bg5 h6 11. Bh4 g5 12. Nxg5 hxg5 13. Bxg5 O-O-O 14. Bxf6
Qxf6 15. Rb1 Rdg8 16. Ng3 Ne5 17. Be2 Qh4 18. Rc1 Qxh2# 0-1

[Event "Michigan Action"]
[Site "Detroit, MI"]
[Date "1999.12.18"]
[Round "3"]
[White "Edmonson, Regis"]
[Black "Bainbridge, Chris"]
[Result "0-1"]
[WhiteElo "470"]
[BlackElo "959"]
[PlyCount "50"]
[EventDate "1999.12.18"]

1. e4 e6 2. Bc4 d5 3. Bb3 dxe4 4. f3 Nf6 5. d3 Bc5 6. Ba4+ c6 7. fxe4 Qd4 8.
Ne2 Qf2+ 9. Kd2 Be3+ 10. Kc3 Bxc1 11. Nxc1 Qxg2 12. Re1 Qxh2 13. Ne2 O-O 14.
Bb3 Rd8 15. Rf1 Qe5+ 16. Nd4 Qxd4+ 17. Kd2 Nxe4+ 18. Ke1 e5 19. dxe4 Qxd1+ 20.
Kf2 Qd4+ 21. Kf3 Rd6 22. Nc3 Rf6+ 23. Kg2 Qd2+ 24. Kh1 Rg6 25. Rfd1 Qh6# 0-1

[Event "Michigan Action"]
[Site "Detroit, MI"]
[Date "1999.12.18"]
[Round "4"]
[White "Dyer, Todd"]
[Black "Rucker, Ed"]
[Result "1-0"]
[WhiteElo "1499"]
[BlackElo "1081"]
[PlyCount "77"]
[EventDate "1999.12.18"]

1. e4 e6 2. d4 d5 3. exd5 exd5 4. c4 Nf6 5. Nc3 c5 6. Bg5 cxd4 7. Nxd5 Be7 8.
Qxd4 O-O 9. Nxf6+ Bxf6 10. Bxf6 Re8+ 11. Be2 Qa5+ 12. Qc3 Qxc3+ 13. Bxc3 Bg4
14. f3 Bf5 15. O-O-O Nc6 16. Bd3 Be6 17. Ne2 a5 18. Nf4 Bd7 19. Nd5 Rac8 20.
Nb6 Rcd8 21. Nxd7 Rxd7 22. Rhe1 Red8 23. Be4 Nd4 24. Bxd4 Rxd4 25. Rxd4 Rxd4
26. Bd5 Kf8 27. Re4 Rxe4 28. fxe4 b6 29. Kc2 Ke7 30. e5 f6 31. e6 Kd6 32. Kd3
g6 33. a3 h5 34. b4 f5 35. c5+ bxc5 36. bxc5+ Ke7 37. c6 Kd6 38. Kc4 g5 39. Kb5
1-0

[Event "Michigan Action"]
[Site "Detroit, MI"]
[Date "1999.12.18"]
[Round "2"]
[White "Dyer, Todd"]
[Black "Dixon, DaVaughn"]
[Result "0-1"]
[WhiteElo "1499"]
[BlackElo "987"]
[PlyCount "49"]
[EventDate "1999.12.18"]

1. d4 d5 2. e3 c5 3. c3 Nf6 4. Bd3 Nc6 5. Nd2 Bg4 6. Qa4 a6 7. Ngf3 Bxf3 8.
Nxf3 b5 9. Qc2 c4 10. Bf5 e6 11. Bh3 Bd6 12. Nd2 O-O 13. e4 e5 14. exd5 Nxd5
15. Qe4 Nf6 16. Qxc6 exd4 17. O-O dxc3 18. bxc3 Be5 19. Qf3 b4 20. Nxc4 Bxc3
21. Bb2 Bxb2 22. Nxb2 a5 23. Rfd1 Qe7 24. Rd2 Rfe8 25. g3 0-1

[Event "Kalamazoo December Mini-Swiss.3"]
[Site "Kalamazoo, MI"]
[Date "1999.12.18"]
[Round "3"]
[White "Durham, Jeremy"]
[Black "Smith, Adam"]
[Result "0-1"]
[WhiteElo "731"]
[BlackElo "1171"]
[PlyCount "88"]
[EventDate "1999.12.18"]

1. e4 c5 2. Nf3 d6 3. d4 cxd4 4. Nxd4 Nf6 5. Nc3 g6 6. Be2 Bg7 7. h3 O-O 8. Be3
Nc6 9. Nb3 Be6 10. O-O Rc8 11. Bb5 Bxb3 12. axb3 a6 13. Be2 b5 14. Rxa6 b4 15.
Nd5 Nxd5 16. Qxd5 Ne5 17. f4 Bh6 18. Bb6 e6 19. Qa5 Nc6 20. Qa4 Qf6 21. Be3 Nd4
22. Bd3 Nxc2 23. Bd2 Qd4+ 24. Kh1 Qxd3 25. Rf2 Qxe4 26. Rxd6 Bg7 27. Qa6 Nd4
28. Bxb4 Rc1+ 29. Kh2 Ra8 30. Qb6 Bf6 31. Bc3 Rd1 32. Rd2 Qxf4+ 33. g3 Nf3+ 34.
Kg2 Ne1+ 35. Kh2 Rxd2+ 36. Bxd2 Qf1 37. Bxe1 Qxe1 38. Qg1 Qxg1+ 39. Kxg1 Bxb2
40. Kg2 Rb8 41. Rd3 f5 42. Kf3 e5 43. Re3 Kf7 44. Rxe5 Bxe5 0-1

[Event "Kalamazoo December Mini-Swiss.3"]
[Site "Kalamazoo, MI"]
[Date "1999.12.18"]
[Round "1"]
[White "Durham, Jeremy"]
[Black "Krzyston, Joe"]
[Result "1-0"]
[WhiteElo "731"]
[BlackElo "862"]
[PlyCount "81"]
[EventDate "1999.12.18"]

1. e4 c5 2. Nf3 d5 3. exd5 Nf6 4. d4 Nxd5 5. c4 Nf6 6. d5 Ne4 7. Bd3 Nd6 8. Nc3
e6 9. b3 Na6 10. O-O g6 11. Bb2 Bg7 12. a3 O-O 13. Qc2 Bd7 14. Ne4 Bxb2 15.
Qxb2 Nxe4 16. Bxe4 exd5 17. Bxd5 Nc7 18. Bxb7 Rb8 19. Be4 Ne8 20. Rad1 Nf6 21.
Bc2 Qc7 22. Qxf6 Rb6 23. Qb2 Bg4 24. Rd3 Rd6 25. Ne5 Bf5 26. Rxd6 Bxc2 27. Rd7
Qb8 28. Qxc2 Qxe5 29. Rxa7 Re8 30. Qd2 Qe2 31. Qxe2 Rxe2 32. Rb1 h5 33. Kf1 Re5
34. Rd1 h4 35. Rdd7 Rf5 36. Rac7 Kg7 37. a4 g5 38. h3 Kg6 39. a5 Kh5 40. Rxf7
Rd5 41. cxd5 1-0

[Event "Kalamazoo December Mini-Swiss.1"]
[Site "Kalamazoo, MI"]
[Date "1999.12.18"]
[Round "2"]
[White "Dorrington, Eldon"]
[Black "Bryant, Daniel"]
[Result "1-0"]
[WhiteElo "1697"]
[BlackElo "1535"]
[PlyCount "89"]
[EventDate "1999.12.18"]

1. d4 Nf6 2. c4 c5 3. d5 b5 4. Bg5 g6 5. e3 Bg7 6. Bxf6 Bxf6 7. Qc2 O-O 8. Nf3
d6 9. Nbd2 bxc4 10. Bxc4 Ba6 11. O-O Bxc4 12. Nxc4 Nd7 13. Rab1 a5 14. e4 Nb6
15. Nfd2 Nxc4 16. Nxc4 Bd4 17. Kh1 e5 18. f4 f6 19. f5 g5 20. Qe2 Rf7 21. Rf3
h5 22. Rb3 g4 23. Rb6 Rd7 24. Qd2 Kg7 25. a4 Rb8 26. Qxa5 Rxb6 27. Qxb6 Qxb6
28. Nxb6 Rb7 29. Nc4 Rb4 30. b3 Kh6 31. g3 Kg5 32. Kg2 h4 33. Nxd6 hxg3 34.
hxg3 Rb8 35. Nc4 Bc3 36. d6 Rd8 37. Kf1 Bd4 38. a5 Bc3 39. Rd1 Bd4 40. Rd3 Rb8
41. Kg2 Rb4 42. Nb6 Rxb6 43. axb6 c4 44. bxc4 Bxb6 45. Rb3 1-0

[Event "Michigan Action"]
[Site "Detroit, MI"]
[Date "1999.12.18"]
[Round "3"]
[White "Dixon, DaVaughn"]
[Black "Hooker, Larry"]
[Result "1/2-1/2"]
[WhiteElo "987"]
[BlackElo "1409"]
[PlyCount "66"]
[EventDate "1999.12.18"]

1. e4 e5 2. Nf3 Nc6 3. d4 exd4 4. Nxd4 Bc5 5. c3 Qf6 6. Be3 Nge7 7. Bb5 Nxd4 8.
cxd4 Bb4+ 9. Nc3 c6 10. Bd3 d5 11. e5 Qe6 12. O-O O-O 13. Qh5 Nf5 14. Bxf5 Qxf5
15. Qxf5 Bxf5 16. f4 Bxc3 17. bxc3 Rfe8 18. Rae1 Re7 19. Bc1 h5 20. Ba3 Re6 21.
Bd6 Rg6 22. Re3 Re6 23. Rg3 g6 24. h4 Kh7 25. a4 b6 26. Rf2 Ree8 27. Rb2 Bc8
28. Ra2 Bb7 29. Kh2 f5 30. Re3 Kg7 31. g3 Kf7 32. a5 b5 33. a6 Bc8 1/2-1/2

[Event "Michigan Action"]
[Site "Detroit, MI"]
[Date "1999.12.18"]
[Round "1"]
[White "Dixon, DaVaughn"]
[Black "Elster, Isaac"]
[Result "1-0"]
[WhiteElo "987"]
[BlackElo "367"]
[PlyCount "39"]
[EventDate "1999.12.18"]

1. e4 e5 2. Nf3 Nf6 3. Nc3 Bc5 4. Nxe5 Qe7 5. d4 d6 6. dxc5 dxc5 7. Nf3 O-O 8.
Bd3 Nc6 9. O-O Be6 10. Bg5 Rad8 11. e5 Nxe5 12. Nxe5 Kh8 13. Re1 Rde8 14. Ne4
b6 15. Qf3 Rc8 16. Ba6 Rb8 17. Nc6 Ra8 18. Nxe7 Rfe8 19. Bxf6 gxf6 20. Qxf6#
1-0

[Event "Michigan Action"]
[Site "Detroit, MI"]
[Date "1999.12.18"]
[Round "5"]
[White "Dixon, DaVaughn"]
[Black "Choate, Eric"]
[Result "1-0"]
[WhiteElo "987"]
[BlackElo "1195"]
[PlyCount "57"]
[EventDate "1999.12.18"]

1. e4 e5 2. Nf3 d6 3. d4 exd4 4. Nxd4 Nf6 5. Nc3 Be7 6. Be2 Bd7 7. O-O Nc6 8.
Bb5 Ne5 9. Bxd7+ Qxd7 10. f4 Nc6 11. Nf5 O-O 12. Qf3 Ne8 13. Qg3 Bf6 14. Nd5 g6
15. Nxf6+ Nxf6 16. Nh6+ Kg7 17. f5 Nxe4 18. Qg4 Nf6 19. Qf4 Nh5 20. f6+ Kh8 21.
Qg5 Rae8 22. Ng4 Ne5 23. Nxe5 Rxe5 24. Qh6 Rg8 25. Bf4 Re6 26. Bg5 Re5 27. Rae1
Rge8 28. Rxe5 Rxe5 29. Qf8# 1-0

[Event "Kalamazoo December Mini-Swiss.3"]
[Site "Kalamazoo, MI"]
[Date "1999.12.18"]
[Round "2"]
[White "Dimon, Richard"]
[Black "Tuzeneu, Jim"]
[Result "1-0"]
[WhiteElo "1000"]
[BlackElo "824"]
[PlyCount "35"]
[EventDate "1999.12.18"]

1. d4 d6 2. e4 Nc6 3. Nf3 g6 4. b3 Bg7 5. Bb2 Nf6 6. Bd3 Nb4 7. e5 Nxd3+ 8.
Qxd3 Nd5 9. Ng5 Qd7 10. Qf3 Qf5 11. Qxd5 Qxg5 12. O-O e6 13. Qb5+ c6 14. Qb4
dxe5 15. dxe5 Bxe5 16. Qc5 f6 17. Ba3 Bxa1 18. Qe7# 1-0

[Event "Kalamazoo December Mini-Swiss.3"]
[Site "Kalamazoo, MI"]
[Date "1999.12.18"]
[Round "2"]
[White "Dick, Jason"]
[Black "Kaminsky, Gary"]
[Result "1-0"]
[WhiteElo "1162"]
[BlackElo "1024"]
[PlyCount "111"]
[EventDate "1999.12.18"]

1. Nf3 d5 2. e3 Bg4 3. c4 e5 4. h3 Bh5 5. g4 e4 6. gxh5 exf3 7. Qxf3 Qf6 8.
Qxd5 Nc6 9. Qe4+ Be7 10. c5 Nh6 11. Bb5 O-O 12. Bxc6 bxc6 13. d4 Rfe8 14. Qd3
Qf3 15. Rh2 Bh4 16. Qe2 Qf6 17. Nc3 Qg5 18. Kf1 Rad8 19. e4 Qf6 20. e5 Qf5 21.
Bxh6 gxh6 22. Rg2+ Kh8 23. Qg4 Qg5 24. Rd1 Qxg4 25. hxg4 Bg5 26. b4 a6 27. a4
Rb8 28. Rb1 Bd2 29. Rg3 Bxc3 30. Rxc3 a5 31. Rcb3 axb4 32. Rxb4 Rxb4 33. Rxb4
Rc8 34. Ke2 Kg8 35. Ke3 Kf8 36. Ke4 Ke7 37. f4 f6 38. f5 fxe5 39. Kxe5 Rg8 40.
a5 Kd7 41. a6 Ra8 42. a7 Kc8 43. Rb8+ Rxb8 44. axb8=Q+ Kxb8 45. f6 Kc8 46. f7
Kd7 47. Kf6 Kd8 48. f8=Q+ Kd7 49. Qe7+ Kc8 50. Ke6 Kb7 51. Qd8 Ka7 52. Qxc7+
Ka8 53. Qxh7 Kb8 54. Kd6 Ka8 55. Kxc6 Kb8 56. Qb7# 1-0

[Event "Michigan Action"]
[Site "Detroit, MI"]
[Date "1999.12.18"]
[Round "5"]
[White "DeFrayne, Don"]
[Black "Williams, Eddie"]
[Result "1-0"]
[WhiteElo "1427"]
[BlackElo "1677"]
[PlyCount "57"]
[EventDate "1999.12.18"]

1. e4 e5 2. Nf3 Nf6 3. Nc3 d6 4. Bc4 h6 5. d4 exd4 6. Nxd4 Be7 7. O-O O-O 8.
Nd5 Nxd5 9. exd5 Bf6 10. Be3 Nd7 11. c3 Ne5 12. Bb3 Qd7 13. Bc2 Nc4 14. Qd3 g6
15. Qxc4 h5 16. Ba4 Qd8 17. f4 h4 18. h3 a6 19. Bc2 Bd7 20. f5 Qc8 21. fxg6
fxg6 22. Ne6 Re8 23. Rxf6 Bxe6 24. Rxg6+ Kf8 25. Bh6+ Ke7 26. Rxe6+ Kd7 27. Qg4
Rxe6 28. Qxe6+ Kd8 29. Bg5# 1-0

[Event "Michigan Action"]
[Site "Detroit, MI"]
[Date "1999.12.18"]
[Round "6"]
[White "DeFrayne, Don"]
[Black "Skidmore, Jennifer"]
[Result "1-0"]
[WhiteElo "1427"]
[BlackElo "1889"]
[PlyCount "56"]
[EventDate "1999.12.18"]

1. e4 e5 2. Nf3 d6 3. Bc4 Be7 4. d4 Nf6 5. dxe5 Nxe4 6. O-O O-O 7. Re1 Nc5 8.
exd6 Bxd6 9. Bg5 Qd7 10. Nc3 Qg4 11. Bb3 Nxb3 12. cxb3 Nc6 13. Nb5 Bb4 14. Re2
Ba5 15. Rc1 Be6 16. h3 Qh5 17. Re4 Qg6 18. Rh4 h6 19. Bf4 Rad8 20. Qe2 Rd7 21.
Kh2 Qf6 22. Rc5 Bb6 23. Rch5 Ne7 24. Ne5 Rd5 25. Nc3 Rd4 26. Ne4 Rxe4 27. Qxe4
Bd5 28. Qe2 Nf5 1-0

[Event "Michigan Action"]
[Site "Detroit, MI"]
[Date "1999.12.18"]
[Round "3"]
[White "DeFrayne, Don"]
[Black "Sanborn, Richard"]
[Result "0-1"]
[WhiteElo "1427"]
[BlackElo "1734"]
[PlyCount "59"]
[EventDate "1999.12.18"]

1. e4 c5 2. Nf3 d6 3. Bb5+ Nc6 4. d4 cxd4 5. Nxd4 Bd7 6. Bxc6 bxc6 7. Nc3 Nf6
8. O-O g6 9. b3 Bg7 10. Bb2 O-O 11. f3 Qc7 12. a4 Qa5 13. Na2 Rfc8 14. Ne2 Be6
15. Nf4 c5 16. Nxe6 fxe6 17. Bc3 Qb6 18. Rb1 Rab8 19. Be1 c4+ 20. Bf2 Qc6 21.
Bxa7 Rb7 22. Bf2 Nd7 23. bxc4 Rxb1 24. Qxb1 Qxc4 25. Qb3 Ne5 26. Nc1 Kf7 27.
Nd3 Nxd3 28. Qxd3 Qxa4 29. Rc1 Qc4 30. Qa3 0-1

[Event "Michigan Action"]
[Site "Detroit, MI"]
[Date "1999.12.18"]
[Round "1"]
[White "DeFrayne, Don"]
[Black "Conner, Lloyd"]
[Result "1-0"]
[WhiteElo "1427"]
[BlackElo "623"]
[PlyCount "55"]
[EventDate "1999.12.18"]

1. e4 c5 2. Nf3 Nc6 3. d4 d6 4. d5 Nd4 5. Nxd4 cxd4 6. Qxd4 Nf6 7. Nc3 g6 8.
Bd3 Bg7 9. Bd2 O-O 10. f3 b6 11. Qf2 Qc7 12. O-O a5 13. Be3 Nd7 14. Nb5 Qb8 15.
Bd4 Bxd4 16. Nxd4 Ne5 17. f4 Nxd3 18. cxd3 Ba6 19. Nc6 Qc7 20. Rac1 Bxd3 21.
Ne5 Bc4 22. Rxc4 Qb7 23. Nc6 Qa6 24. Rfc1 Rac8 25. Nxe7+ Kh8 26. Rxc8 Rxc8 27.
Qd4+ f6 28. Qxf6# 1-0

[Event "Kalamazoo December Mini-Swiss.3"]
[Site "Kalamazoo, MI"]
[Date "1999.12.18"]
[Round "2"]
[White "Culver, Daniel"]
[Black "Durham, Jeremy"]
[Result "1-0"]
[WhiteElo "993"]
[BlackElo "731"]
[PlyCount "75"]
[EventDate "1999.12.18"]

1. e4 e5 2. Nf3 Nc6 3. Bc4 Bc5 4. b4 Bxb4 5. c3 Be7 6. d4 exd4 7. cxd4 Bb4+ 8.
Kf1 Nge7 9. Qb3 O-O 10. d5 Ba5 11. dxc6 dxc6 12. Bb2 b5 13. Be2 Be6 14. Qe3 Bb6
15. Qg5 f6 16. Qg3 Nc8 17. Nc3 Nd6 18. Qh4 Nc4 19. Rd1 Qe7 20. Ba1 Rfd8 21. Rc1
Nd2+ 22. Ke1 Nxf3+ 23. gxf3 Ba5 24. Kf1 b4 25. Na4 Bxa2 26. Rg1 Kh8 27. Rg6 Rf8
28. Rxc6 Be6 29. e5 Rf7 30. exf6 Qd7 31. fxg7+ Kg8 32. Rgxe6 Rf5 33. Qc4 Rd5
34. Bd3 Rd8 35. Nc5 Qf7 36. Bxh7+ Kxh7 37. Rh6+ Kg8 38. Rh8# 1-0

[Event "Michigan Action"]
[Site "Detroit, MI"]
[Date "1999.12.18"]
[Round "1"]
[White "Crawford, Brandon"]
[Black "Walkenbach, Richard"]
[Result "1-0"]
[WhiteElo "1129"]
[BlackElo "795"]
[PlyCount "49"]
[EventDate "1999.12.18"]

1. e4 e5 2. Nf3 Nc6 3. Bc4 f5 4. exf5 d6 5. d3 Nf6 6. Nc3 Bxf5 7. Bg5 Be7 8.
O-O Qd7 9. a3 O-O-O 10. b4 d5 11. Bb3 d4 12. Ne2 e4 13. dxe4 Bxe4 14. Nd2 Qe6
15. Nxe4 Nxe4 16. Bxe7 Nxe7 17. f3 Qd7 18. fxe4 Ng6 19. Rf7 Qg4 20. Ng3 Qg5 21.
Rf5 Qe3+ 22. Kh1 Nh4 23. Rf1 Rhf8 24. Qg4+ Rd7 25. Rxf8# 1-0

[Event "Michigan Action"]
[Site "Detroit, MI"]
[Date "1999.12.18"]
[Round "6"]
[White "Crawford, Brandon"]
[Black "Jointer, William"]
[Result "1-0"]
[WhiteElo "1129"]
[BlackElo "1600"]
[PlyCount "113"]
[EventDate "1999.12.18"]

1. e4 g6 2. d4 Bg7 3. Nc3 d6 4. f4 Nf6 5. Nf3 Bg4 6. Be3 Nbd7 7. e5 dxe5 8.
dxe5 Ng8 9. Bc4 Nh6 10. Qe2 O-O 11. O-O Nb6 12. Bd3 Nf5 13. Bd2 Nd4 14. Qf2
Nxf3+ 15. gxf3 Bh3 16. Rfe1 Qd7 17. Rad1 Rfd8 18. Qg3 Bf5 19. Bxf5 Qxf5 20. Ne4
Nc4 21. Bb4 Rxd1 22. Rxd1 Qe6 23. b3 Ne3 24. Rc1 Rd8 25. c4 Rd7 26. Nc5 Qc6 27.
Nxd7 Qxd7 28. Qf2 Qd4 29. Re1 Nc2 30. Qxd4 Nxd4 31. Kf2 Nc2 32. Bxe7 Nxe1 33.
Kxe1 Bh6 34. Bg5 Kg7 35. Ke2 Bxg5 36. fxg5 h6 37. h4 hxg5 38. hxg5 Kf8 39. Ke3
Ke7 40. Ke4 Ke6 41. b4 b6 42. a4 a6 43. c5 bxc5 44. bxc5 c6 45. a5 Ke7 46. f4
Ke6 47. f5+ gxf5+ 48. Kf4 Kd5 49. Kxf5 Kxc5 50. e6 fxe6+ 51. Kxe6 Kd4 52. g6 c5
53. g7 c4 54. g8=Q c3 55. Qg4+ Kd3 56. Qf3+ Kd2 57. Qd5+ 1-0

[Event "Michigan Action"]
[Site "Detroit, MI"]
[Date "1999.12.18"]
[Round "3"]
[White "Crawford, Brandon"]
[Black "Cornell, Josh"]
[Result "1-0"]
[WhiteElo "1129"]
[BlackElo "686"]
[PlyCount "99"]
[EventDate "1999.12.18"]

1. e4 e5 2. Nf3 Nc6 3. Bc4 Bc5 4. c3 Nf6 5. d4 exd4 6. cxd4 Bb4+ 7. Nbd2 Bxd2+
8. Nxd2 Nxd4 9. O-O d6 10. Nf3 Bg4 11. Qxd4 Bxf3 12. gxf3 O-O 13. Bg5 c5 14.
Qc3 h6 15. Bxf6 Qxf6 16. Qxf6 gxf6 17. Rfd1 Rad8 18. Bd5 b5 19. a4 b4 20. f4 h5
21. Kg2 Kh8 22. Kh3 Rg8 23. Rg1 Rdf8 24. Rg3 Rg7 25. Rag1 Rxg3+ 26. fxg3 Rg8
27. Bxf7 Rg7 28. Bxh5 Rh7 29. g4 c4 30. Rc1 Rc7 31. g5 fxg5 32. fxg5 c3 33. b3
c2 34. Kg4 Rc3 35. Kf5 Kg7 36. Bg4 Rxb3 37. Rxc2 Rc3 38. Rxc3 bxc3 39. Bd1 a6
40. h4 Kh8 41. h5 Kg7 42. g6 a5 43. e5 d5 44. e6 Kf8 45. h6 d4 46. Ke4 d3 47.
Kxd3 c2 48. Bxc2 Kg8 49. e7 Kh8 50. e8=Q# 1-0

[Event "Michigan Action"]
[Site "Detroit, MI"]
[Date "1999.12.18"]
[Round "5"]
[White "Crawford, Brandon"]
[Black "Carroll, Mitchell"]
[Result "1-0"]
[WhiteElo "1129"]
[BlackElo "907"]
[PlyCount "51"]
[EventDate "1999.12.18"]

1. e4 e5 2. Nf3 Nc6 3. Bc4 Nf6 4. O-O Bc5 5. d4 Nxd4 6. Nxe5 O-O 7. Be3 d6 8.
Nxf7 Rxf7 9. Bxd4 d5 10. Bxc5 Be6 11. exd5 Bxd5 12. Bxd5 Nxd5 13. Nd2 Rd7 14.
Qf3 Rf7 15. Qb3 b6 16. Be3 Qd7 17. Nf3 Re8 18. Rad1 c6 19. c4 Qg4 20. cxd5 Rxf3
21. dxc6+ Kh8 22. c7 Rff8 23. Qc3 Qf5 24. Bd4 Rf7 25. Bxg7+ Rxg7 26. Rd8 1-0

[Event "Michigan Action"]
[Site "Detroit, MI"]
[Date "1999.12.18"]
[Round "6"]
[White "Cornell, Josh"]
[Black "Williams, Christopher"]
[Result "0-1"]
[WhiteElo "686"]
[BlackElo "792"]
[PlyCount "105"]
[EventDate "1999.12.18"]

1. e4 c5 2. Nf3 Nc6 3. d4 cxd4 4. Nxd4 e5 5. Nf3 Nf6 6. Nc3 Bc5 7. Be2 O-O 8.
Be3 Bb4 9. Qd2 Nxe4 10. Qd3 d5 11. O-O Nxc3 12. bxc3 Ba5 13. Ng5 e4 14. Qd2 Bf5
15. f4 Qf6 16. Qxd5 Rad8 17. Qc4 h6 18. Nxe4 Qg6 19. Bf3 Rfe8 20. Ng3 Rxe3 21.
Bh5 Qf6 22. Nxf5 Qxf5 23. Bf3 Bb6 24. Kh1 Na5 25. Qb4 Qc5 26. Qxc5 Bxc5 27.
Rab1 b6 28. Rb5 Rxc3 29. Be4 Rd4 30. Re1 Rcc4 31. Bf5 Rxf4 32. Rxc5 g6 33. Rc8+
Rxc8 34. Bxc8 Rf2 35. Rc1 Nc6 36. Kg1 Rf4 37. h3 Rc4 38. Ba6 Rc3 39. a4 Nb4 40.
Be2 a6 41. Rb1 Rxc2 42. Rxb4 Rxe2 43. Rxb6 Ra2 44. Rxa6 Kf8 45. Kf1 Ke8 46. Ke1
Kd7 47. Kd1 Kc7 48. Kc1 Kb7 49. Kb1 Rxg2 50. Ra5 Kb6 51. Rb5+ Ka6 52. Rb3 g5
53. Ra3 0-1

[Event "Michigan Action"]
[Site "Detroit, MI"]
[Date "1999.12.18"]
[Round "4"]
[White "Cornell, Josh"]
[Black "Wilder, Derek"]
[Result "1-0"]
[WhiteElo "686"]
[BlackElo "549"]
[PlyCount "61"]
[EventDate "1999.12.18"]

1. e4 e5 2. Nf3 Nc6 3. Bc4 Bc5 4. Nc3 Na5 5. Bb3 Nxb3 6. axb3 Nf6 7. d3 O-O 8.
Bg5 Be7 9. d4 exd4 10. Nxd4 Nxe4 11. Nxe4 Bxg5 12. Nxg5 Qxg5 13. O-O b6 14. Nf3
Qg6 15. Re1 Bb7 16. c4 Rfe8 17. Nh4 Rxe1+ 18. Qxe1 Qc2 19. Rd1 Qe4 20. Qxe4
Bxe4 21. Re1 Bd3 22. Rd1 Bc2 23. Rxd7 Bxb3 24. Rxc7 Re8 25. Nf3 h6 26. Rxa7
Bxc4 27. Rb7 Re6 28. h3 f5 29. Nd4 Rf6 30. b3 Bd5 31. Rd7 1-0

[Event "Michigan Action"]
[Site "Detroit, MI"]
[Date "1999.12.18"]
[Round "2"]
[White "Cornell, Josh"]
[Black "Wheeler, Isiah"]
[Result "1-0"]
[WhiteElo "686"]
[BlackElo "554"]
[PlyCount "93"]
[EventDate "1999.12.18"]

1. e4 e5 2. Nf3 Nc6 3. Bc4 Nf6 4. d3 d6 5. Bg5 Be7 6. Nc3 Be6 7. Bb3 d5 8. exd5
Nxd5 9. Bxe7 Qxe7 10. Bxd5 Bxd5 11. Nxd5 Qd6 12. c4 Qc5 13. Nxc7+ Ke7 14. Nxa8
Rxa8 15. O-O e4 16. Re1 Ne5 17. Nxe5 Qxe5 18. Rxe4 Kf6 19. Rxe5 Kxe5 20. Qh5+
Kd4 21. Qxh7 Re8 22. Qxg7+ Kxd3 23. Qxf7 Re2 24. Rd1+ Kc2 25. Qd5 Kxb2 26. Rd2+
Rxd2 27. Qxd2+ Ka1 28. Qc1+ Kxa2 29. c5 a5 30. f4 a4 31. f5 a3 32. Qc2+ Ka1 33.
f6 b6 34. c6 a2 35. Qxa2+ Kxa2 36. f7 b5 37. f8=Q b4 38. c7 b3 39. c8=R b2 40.
Ra8+ Kb1 41. Qf5+ Kc1 42. Qf4+ Kc2 43. Rc8+ Kb3 44. Qe3+ Ka2 45. Ra8+ Kb1 46.
Qd3+ Kc1 47. Rc8# 1-0

[Event "Michigan Action"]
[Site "Detroit, MI"]
[Date "1999.12.18"]
[Round "4"]
[White "Cooley, Lanier"]
[Black "Wheeler, Isiah"]
[Result "0-1"]
[WhiteElo "365"]
[BlackElo "554"]
[PlyCount "34"]
[EventDate "1999.12.18"]

1. d4 d5 2. e3 Nf6 3. g3 c6 4. Nc3 Bg4 5. f3 Bh5 6. e4 dxe4 7. fxe4 Bxd1 8.
Nxd1 Nxe4 9. Be3 f6 10. Bc4 e5 11. dxe5 fxe5 12. Nf3 Nd7 13. Nxe5 Nxe5 14. Bf4
Bd6 15. Rf1 Nxc4 16. Bxd6 Qxd6 17. Nc3 Qd2# 0-1

[Event "Michigan Action"]
[Site "Detroit, MI"]
[Date "1999.12.18"]
[Round "4"]
[White "Conner, Lloyd"]
[Black "Hershberger, Kent"]
[Result "0-1"]
[WhiteElo "623"]
[BlackElo "982"]
[PlyCount "38"]
[EventDate "1999.12.18"]

1. c4 c5 2. Nc3 e5 3. d3 d6 4. g3 Be7 5. Nf3 Nf6 6. Bg2 Nc6 7. O-O Nd4 8. Nxd4
exd4 9. Nd5 Nxd5 10. Bxd5 O-O 11. a3 Bh3 12. Re1 Bg5 13. e3 Rb8 14. b4 dxe3 15.
fxe3 b5 16. cxb5 Rxb5 17. bxc5 dxc5 18. Bc4 Qa8 19. Bxb5 Qg2# 0-1

[Event "Michigan Action"]
[Site "Detroit, MI"]
[Date "1999.12.18"]
[Round "2"]
[White "Conner, Lloyd"]
[Black "Haugabook, Ibrahim"]
[Result "1-0"]
[WhiteElo "623"]
[BlackElo "554"]
[PlyCount "71"]
[EventDate "1999.12.18"]

1. c4 e5 2. Nc3 Bc5 3. d3 Qh4 4. g3 Qf6 5. Nf3 Qg6 6. Bg2 Nf6 7. Nxe5 Qf5 8.
Nf3 d6 9. O-O O-O 10. Nh4 Qg6 11. Nxg6 fxg6 12. Ne4 Nxe4 13. dxe4 Bg4 14. e5
dxe5 15. Bxb7 Nc6 16. Bxa8 Rd8 17. Bd2 Rxa8 18. Qb3 Rf8 19. Bg5 Bxe2 20. Rfe1
Bf3 21. Rac1 Nd4 22. Qb7 Bxb7 23. Rxe5 Nf3+ 24. Kf1 Nxe5 25. f4 h6 26. Bh4 Nxc4
27. Rxc4 Be3 28. Rxc7 Ba6+ 29. Ke1 Rd8 30. Bxd8 Bb6 31. Rd7 Ba5+ 32. Bxa5 Bb5
33. Rxa7 g5 34. fxg5 hxg5 35. h4 gxh4 36. gxh4 1-0

[Event "Michigan Action"]
[Site "Detroit, MI"]
[Date "1999.12.18"]
[Round "6"]
[White "Conner, Lloyd"]
[Black "Feller, Brad"]
[Result "1-0"]
[WhiteElo "623"]
[BlackElo "839"]
[PlyCount "89"]
[EventDate "1999.12.18"]

1. c4 c5 2. Nc3 Nc6 3. d3 g6 4. g3 Bg7 5. Nf3 Qa5 6. Bg2 Bxc3+ 7. bxc3 Qxc3+ 8.
Bd2 Qb2 9. O-O b6 10. Qb1 Qxb1 11. Raxb1 Bb7 12. a4 Nf6 13. a5 Nxa5 14. Bxa5
Bxf3 15. Bxf3 bxa5 16. Bxa8 O-O 17. Bd5 e6 18. Bg2 Kg7 19. Ra1 Rb8 20. Rxa5 Rb2
21. Bf3 h5 22. h4 d5 23. cxd5 exd5 24. Rxc5 a6 25. Bxd5 Nxd5 26. Rxd5 Rxe2 27.
Ra1 f5 28. Rd7+ Kh6 29. d4 f4 30. gxf4 Re4 31. d5 Rxf4 32. d6 Rxh4 33. Ra7 Rd4
34. d7 h4 35. R1xa6 h3 36. Kh2 Rd2 37. Kxh3 Kg5 38. f4+ Kh6 39. Ra2 Rd3+ 40.
Kg4 g5 41. fxg5+ Kg6 42. Re2 Rd4+ 43. Kg3 Rd3+ 44. Kf4 Rd4+ 45. Ke3 1-0